[Event "Irena Warakomska Memorial A"]
[Site "Suwalki"]
[Date "2021.08.03"]
[Round "9"]
[White "Goluch, Piotr"]
[Black "Rudzinska, Michalina"]
[Result "1-0"]
[Board "15"]
[WhiteElo "2333"]
[WhiteTitle "IM"]
[WhiteCountry "POL"]
[WhiteFideId "1137840"]
[WhiteEloChange "7"]
[BlackElo "2238"]
[BlackTitle "WFM"]
[BlackCountry "POL"]
[BlackFideId "1172883"]
[BlackEloChange "-7"]

1. d4 {[%clk 1:30:57]} Nf6 {[%clk 1:30:54]} 2. c4 {[%clk 1:31:24]} e6 {[%clk
1:31:16]} 3. g3 {[%clk 1:31:51]} Bb4+ {[%clk 1:31:36]} 4. Nd2 {[%clk 1:32:18]} c5
{[%clk 1:31:50]} 5. a3 {[%clk 1:32:44]} Bxd2+ {[%clk 1:32:04]} 6. Qxd2 {[%clk
1:33:11]} cxd4 {[%clk 1:32:17]} 7. Nf3 {[%clk 1:33:38]} O-O {[%clk 1:32:03]} 8.
Nxd4 {[%clk 1:31:57]} d5 {[%clk 1:31:23]} 9. Bg2 {[%clk 1:31:18]} e5 {[%clk
1:26:44]} 10. Nc2 {[%clk 1:24:47]} d4 {[%clk 1:23:47]} 11. Nb4 {[%clk 1:10:57]}
e4 {[%clk 1:16:31]} 12. O-O {[%clk 1:10:45]} Qd6 {[%clk 1:04:48]} 13. Rd1 {[%clk
1:10:41]} Rd8 {[%clk 1:04:59]} 14. Qf4 {[%clk 0:58:57]} Qxf4 {[%clk 0:48:02]} 15.
Bxf4 {[%clk 0:59:23]} Be6 {[%clk 0:48:05]} 16. Be5 {[%clk 0:52:10]} Nbd7 {[%clk
0:47:33]} 17. Bxd4 {[%clk 0:52:35]} Bxc4 {[%clk 0:47:47]} 18. Kf1 {[%clk
0:50:57]} Re8 {[%clk 0:43:29]} 19. Rdc1 {[%clk 0:48:50]} b5 {[%clk 0:42:56]} 20.
a4 {[%clk 0:42:27]} a6 {[%clk 0:39:06]} 21. axb5 {[%clk 0:41:24]} axb5 {[%clk
0:37:54]} 22. h3 {[%clk 0:40:55]} h6 {[%clk 0:34:35]} 23. Ke1 {[%clk 0:41:05]}
Rxa1 {[%clk 0:31:59]} 24. Rxa1 {[%clk 0:41:31]} Nd5 {[%clk 0:31:28]} 25. Nxd5
{[%clk 0:41:35]} Bxd5 {[%clk 0:31:47]} 26. Ra5 {[%clk 0:36:25]} Bc4 {[%clk
0:30:38]} 27. Kd2 {[%clk 0:35:02]} Nb8 {[%clk 0:23:11]} 28. Bc5 {[%clk 0:29:11]}
f5 {[%clk 0:15:32]} 29. Ke3 {[%clk 0:23:00]} Nc6 {[%clk 0:13:18]} 30. Ra6 {[%clk
0:21:54]} Ne5 {[%clk 0:12:28]} 31. Bd4 {[%clk 0:20:55]} Nf3 {[%clk 0:08:47]} 32.
Bc5 {[%clk 0:08:18]} Ne1 {[%clk 0:07:29]} 33. Bh1 {[%clk 0:08:45]} Re5 {[%clk
0:06:47]} 34. b4 {[%clk 0:03:44]} Rd5 {[%clk 0:06:46]} 35. g4 {[%clk 0:02:19]}
Rd1 {[%clk 0:02:54]} 36. Kf4 {[%clk 0:02:27]} Nc2 {[%clk 0:00:55]} 37. Kxf5
{[%clk 0:02:53]} Rxh1 {[%clk 0:01:06]} 38. Ra7 {[%clk 0:03:20]} Ra1 {[%clk
0:00:57]} 39. Rd7 {[%clk 0:00:37]} Ra6 {[%clk 0:00:40]} 40. Bd6 {[%clk 0:30:33]}
Kh7 {[%clk 0:30:50]} 41. Kxe4 {[%clk 0:29:40]} Be6 {[%clk 0:25:43]} 42. Rd8
{[%clk 0:30:06]} Na3 {[%clk 0:22:38]} 43. f4 {[%clk 0:28:57]} Bb3 {[%clk
0:20:04]} 44. f5 {[%clk 0:28:30]} Nc4 {[%clk 0:19:40]} 45. Bc5 {[%clk 0:28:40]}
Ra2 {[%clk 0:19:11]} 46. e3 {[%clk 0:28:00]} Rf2 {[%clk 0:15:17]} 47. Rb8 {[%clk
0:22:59]} Nd2+ {[%clk 0:11:11]} 48. Kd4 {[%clk 0:22:00]} Bc4 {[%clk 0:10:50]} 49.
Rb7 {[%clk 0:21:10]} Nb3+ {[%clk 0:10:09]} 50. Ke5 {[%clk 0:21:34]} Nxc5 {[%clk
0:06:14]} 51. bxc5 {[%clk 0:22:00]} Bf1 {[%clk 0:06:16]} 52. c6 {[%clk 0:21:11]}
Rc2 {[%clk 0:05:49]} 53. c7 {[%clk 0:19:58]} Bg2 {[%clk 0:05:02]} 54. e4 {[%clk
0:17:56]} Rc4 {[%clk 0:02:08]} 55. Kd6 {[%clk 0:17:37]} Bxe4 {[%clk 0:01:35]} 56.
Rxb5 {[%clk 0:15:03]} Rc3 {[%clk 0:00:34]} 57. Rb8 {[%clk 0:14:14]} Bg2 {[%clk
0:00:37]} 58. c8=Q {[%clk 0:14:36]} Rxc8 {[%clk 0:01:01]} 59. Rxc8 {[%clk
0:15:04]} Bxh3 {[%clk 0:01:25]} 60. Rc7 {[%clk 0:14:27]} Kg8 {[%clk 0:01:16]} 61.
Rxg7+ {[%clk 0:14:13]} Kh8 {[%clk 0:00:52]} 62. Ke7 {[%clk 0:14:18]} h5 {[%clk
0:00:59]} 63. f6 {[%clk 0:14:39]} 1-0

[Event "Irena Warakomska Memorial A"]
[Site "Suwalki"]
[Date "2021.08.03"]
[Round "9"]
[White "Kacprzak, Kacper"]
[Black "Sliwicka, Alicja"]
[Result "1/2-1/2"]
[Board "16"]
[WhiteElo "2075"]
[WhiteCountry "POL"]
[WhiteFideId "21819319"]
[WhiteEloChange "6"]
[BlackElo "2308"]
[BlackTitle "WIM"]
[BlackCountry "POL"]
[BlackFideId "1150677"]
[BlackEloChange "-6"]

1. e4 {[%clk 1:30:57]} c5 {[%clk 1:23:27]} 2. Nf3 {[%clk 1:31:21]} Nc6 {[%clk
1:23:51]} 3. d4 {[%clk 1:31:46]} cxd4 {[%clk 1:24:18]} 4. Nxd4 {[%clk 1:32:13]}
Nf6 {[%clk 1:24:42]} 5. Nc3 {[%clk 1:32:39]} d6 {[%clk 1:25:07]} 6. f3 {[%clk
1:29:24]} e5 {[%clk 1:25:29]} 7. Nb3 {[%clk 1:29:48]} Be7 {[%clk 1:25:52]} 8. Be3
{[%clk 1:30:12]} O-O {[%clk 1:26:14]} 9. Qd2 {[%clk 1:30:36]} a5 {[%clk 1:26:38]}
10. Bb5 {[%clk 1:28:49]} Na7 {[%clk 1:24:22]} 11. Bd3 {[%clk 1:28:50]} Be6 {[%clk
1:20:49]} 12. Rd1 {[%clk 1:27:09]} Nc8 {[%clk 1:12:31]} 13. O-O {[%clk 1:25:34]}
Nh5 {[%clk 1:06:17]} 14. Rfe1 {[%clk 1:19:31]} h6 {[%clk 0:57:23]} 15. Bf1 {[%clk
1:12:39]} Bg5 {[%clk 0:54:39]} 16. Nb5 {[%clk 1:08:31]} Bxe3+ {[%clk 0:51:25]}
17. Qxe3 {[%clk 1:05:12]} a4 {[%clk 0:50:57]} 18. Nc5 {[%clk 1:03:22]} Qe7 {[%clk
0:45:58]} 19. Nxe6 {[%clk 1:01:08]} fxe6 {[%clk 0:46:16]} 20. Rd2 {[%clk
0:59:56]} Rd8 {[%clk 0:43:10]} 21. Red1 {[%clk 0:56:11]} Nf6 {[%clk 0:43:06]} 22.
c4 {[%clk 0:52:07]} 1/2-1/2

[Event "Irena Warakomska Memorial A"]
[Site "Suwalki"]
[Date "2021.08.03"]
[Round "9"]
[White "Poltorak, Sebastian"]
[Black "Leniart, Arkadiusz"]
[Result "0-1"]
[Board "17"]
[WhiteElo "2233"]
[WhiteCountry "POL"]
[WhiteFideId "1199498"]
[WhiteEloChange "-4"]
[BlackElo "2499"]
[BlackTitle "GM"]
[BlackCountry "POL"]
[BlackFideId "1124226"]
[BlackEloChange "2"]

1. e4 {[%clk 1:30:52]} c5 {[%clk 1:30:08]} 2. Nc3 {[%clk 1:31:17]} a6 {[%clk
1:29:12]} 3. g3 {[%clk 1:31:39]} Nc6 {[%clk 1:25:41]} 4. Bg2 {[%clk 1:31:18]} g6
{[%clk 1:25:45]} 5. d3 {[%clk 1:28:51]} Bg7 {[%clk 1:25:33]} 6. Be3 {[%clk
1:27:48]} d6 {[%clk 1:22:31]} 7. Nge2 {[%clk 1:25:03]} Nd4 {[%clk 1:20:32]} 8.
O-O {[%clk 1:23:01]} h5 {[%clk 1:18:24]} 9. Qd2 {[%clk 1:06:05]} h4 {[%clk
1:16:25]} 10. f3 {[%clk 1:01:41]} Qa5 {[%clk 1:07:01]} 11. Nxd4 {[%clk 0:51:26]}
cxd4 {[%clk 0:40:11]} 12. Ne2 {[%clk 0:44:58]} Qc5 {[%clk 0:39:02]} 13. Bf2
{[%clk 0:45:08]} hxg3 {[%clk 0:39:18]} 14. hxg3 {[%clk 0:39:53]} Bh6 {[%clk
0:38:29]} 15. Qd1 {[%clk 0:36:46]} Be3 {[%clk 0:34:18]} 16. Bxe3 {[%clk 0:36:52]}
dxe3 {[%clk 0:34:39]} 17. Qc1 {[%clk 0:36:34]} Nf6 {[%clk 0:29:39]} 18. Re1
{[%clk 0:23:09]} Qg5 {[%clk 0:28:39]} 19. f4 {[%clk 0:23:33]} Qh5 {[%clk
0:25:00]} 20. Qxe3 {[%clk 0:23:56]} Bh3 {[%clk 0:19:27]} 21. Qf3 {[%clk 0:18:43]}
Bg4 {[%clk 0:19:21]} 22. Qf2 {[%clk 0:18:22]} Bxe2 {[%clk 0:12:25]} 23. Rxe2
{[%clk 0:17:15]} Ng4 {[%clk 0:12:12]} 24. Qf3 {[%clk 0:17:30]} Qc5+ {[%clk
0:12:25]} 25. Rf2 {[%clk 0:17:46]} Nxf2 {[%clk 0:11:53]} 26. Qxf2 {[%clk
0:18:13]} Rc8 {[%clk 0:10:45]} 27. Qxc5 {[%clk 0:15:39]} Rxc5 {[%clk 0:10:55]}
28. c4 {[%clk 0:14:06]} e5 {[%clk 0:11:05]} 29. b4 {[%clk 0:12:22]} Rc7 {[%clk
0:11:29]} 30. Kf2 {[%clk 0:12:11]} Ke7 {[%clk 0:11:45]} 31. Rc1 {[%clk 0:10:55]}
b5 {[%clk 0:10:13]} 32. a3 {[%clk 0:10:14]} a5 {[%clk 0:07:40]} 33. Bf1 {[%clk
0:09:28]} Rh2+ {[%clk 0:07:58]} 34. Bg2 {[%clk 0:09:51]} axb4 {[%clk 0:07:31]}
35. axb4 {[%clk 0:10:17]} Rh8 {[%clk 0:07:51]} 36. Bf1 {[%clk 0:09:30]} Ra8
{[%clk 0:06:05]} 37. Rb1 {[%clk 0:04:19]} Ra2+ {[%clk 0:05:58]} 38. Ke3 {[%clk
0:03:08]} Rca7 {[%clk 0:05:49]} 39. cxb5 {[%clk 0:02:46]} Ra1 {[%clk 0:05:18]}
40. Rxa1 {[%clk 0:32:32]} Rxa1 {[%clk 0:35:42]} 41. Be2 {[%clk 0:31:42]} Rb1
{[%clk 0:35:15]} 42. fxe5 {[%clk 0:20:12]} dxe5 {[%clk 0:35:35]} 43. d4 {[%clk
0:20:32]} Rb3+ {[%clk 0:32:08]} 44. Bd3 {[%clk 0:20:59]} Kd6 {[%clk 0:31:35]} 45.
g4 {[%clk 0:15:54]} Rxb4 {[%clk 0:29:11]} 46. d5 {[%clk 0:14:41]} Kc5 {[%clk
0:29:33]} 47. Be2 {[%clk 0:12:46]} Rb2 {[%clk 0:29:58]} 48. Bf1 {[%clk 0:12:26]}
Rb1 {[%clk 0:30:01]} 49. Be2 {[%clk 0:12:41]} Rh1 {[%clk 0:30:22]} 50. Kf2 {[%clk
0:10:57]} Rh3 {[%clk 0:30:27]} 51. Bf1 {[%clk 0:11:04]} Rb3 {[%clk 0:29:58]} 52.
Be2 {[%clk 0:10:45]} Ra3 {[%clk 0:30:22]} 53. Bf1 {[%clk 0:08:30]} Kd4 {[%clk
0:28:31]} 54. d6 {[%clk 0:07:24]} Ra7 {[%clk 0:27:27]} 55. b6 {[%clk 0:06:36]}
Rd7 {[%clk 0:22:11]} 56. Bb5 {[%clk 0:05:29]} Rxd6 {[%clk 0:22:35]} 57. b7 {[%clk
0:05:56]} Rb6 {[%clk 0:22:59]} 58. Bc6 {[%clk 0:06:21]} Kc5 {[%clk 0:22:18]} 59.
Bd5 {[%clk 0:06:43]} f5 {[%clk 0:21:32]} 60. Bf7 {[%clk 0:06:27]} f4 {[%clk
0:20:37]} 61. Bxg6 {[%clk 0:06:43]} Rxb7 {[%clk 0:20:48]} 62. Bf5 {[%clk
0:04:43]} Rb2+ {[%clk 0:21:13]} 63. Kf3 {[%clk 0:05:01]} Rb3+ {[%clk 0:21:38]}
64. Kf2 {[%clk 0:05:25]} Rg3 {[%clk 0:22:03]} 65. Be6 {[%clk 0:05:21]} Kd6 {[%clk
0:22:23]} 0-1

[Event "Irena Warakomska Memorial A"]
[Site "Suwalki"]
[Date "2021.08.03"]
[Round "9"]
[White "Dzhuguryan, Tygran"]
[Black "Nurkiewicz, Maciej"]
[Result "1/2-1/2"]
[Board "18"]
[WhiteElo "2176"]
[WhiteCountry "POL"]
[WhiteFideId "21872988"]
[WhiteEloChange "4"]
[BlackElo "2342"]
[BlackCountry "POL"]
[BlackFideId "1107046"]
[BlackEloChange "-4"]

1. d4 {[%clk 1:30:57]} Nf6 {[%clk 1:30:55]} 2. c4 {[%clk 1:31:10]} e5 {[%clk
1:26:49]} 3. dxe5 {[%clk 1:31:02]} Ng4 {[%clk 1:27:12]} 4. Nf3 {[%clk 1:31:19]}
Bc5 {[%clk 1:24:49]} 5. e3 {[%clk 1:31:41]} Nc6 {[%clk 1:25:05]} 6. Be2 {[%clk
1:31:53]} O-O {[%clk 1:24:41]} 7. O-O {[%clk 1:32:14]} Re8 {[%clk 1:22:00]} 8.
Nc3 {[%clk 1:32:33]} Ngxe5 {[%clk 1:19:43]} 9. b3 {[%clk 1:25:20]} a5 {[%clk
1:18:59]} 10. Na4 {[%clk 1:25:31]} Bf8 {[%clk 1:17:04]} 11. c5 {[%clk 1:23:03]}
d6 {[%clk 1:15:57]} 12. Bb2 {[%clk 1:23:07]} Nxf3+ {[%clk 0:55:41]} 13. Bxf3
{[%clk 1:23:23]} dxc5 {[%clk 0:56:06]} 14. Bxc6 {[%clk 1:22:02]} bxc6 {[%clk
0:55:16]} 15. Qxd8 {[%clk 1:21:50]} Rxd8 {[%clk 0:55:41]} 16. Rfc1 {[%clk
1:21:45]} Be6 {[%clk 0:54:35]} 17. Ba3 {[%clk 1:12:50]} c4 {[%clk 0:49:58]} 18.
Bxf8 {[%clk 1:13:17]} Kxf8 {[%clk 0:50:15]} 19. bxc4 {[%clk 1:02:02]} Rd2 {[%clk
0:49:41]} 20. Kf1 {[%clk 1:02:25]} Ke7 {[%clk 0:44:20]} 21. Ke1 {[%clk 1:01:37]}
Rad8 {[%clk 0:44:38]} 22. h3 {[%clk 1:00:07]} g5 {[%clk 0:39:03]} 23. Nc5 {[%clk
0:59:19]} Rb2 {[%clk 0:38:31]} 24. Nb3 {[%clk 0:56:56]} c5 {[%clk 0:34:33]} 25.
Rcb1 {[%clk 0:50:38]} Rxb1+ {[%clk 0:34:09]} 26. Rxb1 {[%clk 0:51:06]} Bxc4
{[%clk 0:34:23]} 27. Nxc5 {[%clk 0:48:58]} Bxa2 {[%clk 0:33:25]} 28. Ra1 {[%clk
0:49:23]} Rd5 {[%clk 0:12:49]} 29. Nb7 {[%clk 0:48:57]} Rb5 {[%clk 0:12:24]} 30.
Rxa2 {[%clk 0:49:18]} Rxb7 {[%clk 0:12:49]} 31. Rxa5 {[%clk 0:49:32]} h6 {[%clk
0:10:13]} 32. Ke2 {[%clk 0:44:56]} Rb2+ {[%clk 0:10:01]} 33. Kf3 {[%clk 0:45:24]}
Rc2 {[%clk 0:10:20]} 34. e4 {[%clk 0:32:46]} Ke6 {[%clk 0:10:03]} 35. h4 {[%clk
0:30:07]} f6 {[%clk 0:09:26]} 36. hxg5 {[%clk 0:29:20]} hxg5 {[%clk 0:09:41]} 37.
Rf5 {[%clk 0:28:38]} 1/2-1/2

[Event "Irena Warakomska Memorial A"]
[Site "Suwalki"]
[Date "2021.08.03"]
[Round "9"]
[White "Antolak, Julia"]
[Black "Shilov, Sergej"]
[Result "1-0"]
[Board "19"]
[WhiteElo "2309"]
[WhiteTitle "WIM"]
[WhiteCountry "POL"]
[WhiteFideId "1159569"]
[WhiteEloChange "7"]
[BlackElo "2197"]
[BlackTitle "FM"]
[BlackCountry "UKR"]
[BlackFideId "14101505"]
[BlackEloChange "-7"]

1. e4 {[%clk 1:30:57]} g6 {[%clk 1:30:02]} 2. d4 {[%clk 1:31:20]} Bg7 {[%clk
1:30:29]} 3. Nc3 {[%clk 1:31:24]} d5 {[%clk 1:29:54]} 4. exd5 {[%clk 1:18:25]}
Nf6 {[%clk 1:29:56]} 5. Bc4 {[%clk 1:17:55]} Nbd7 {[%clk 1:29:31]} 6. h3 {[%clk
1:13:20]} Nb6 {[%clk 1:28:20]} 7. Bb3 {[%clk 1:13:39]} Nbxd5 {[%clk 1:27:11]} 8.
Nxd5 {[%clk 1:13:23]} Nxd5 {[%clk 1:27:35]} 9. Nf3 {[%clk 1:13:44]} O-O {[%clk
1:22:44]} 10. O-O {[%clk 1:13:26]} a5 {[%clk 1:21:28]} 11. c3 {[%clk 1:12:37]} c6
{[%clk 1:15:21]} 12. Re1 {[%clk 1:11:44]} b5 {[%clk 1:10:30]} 13. a4 {[%clk
1:05:13]} bxa4 {[%clk 0:52:21]} 14. Bxa4 {[%clk 1:03:54]} Qd6 {[%clk 0:52:25]}
15. Bb3 {[%clk 1:01:20]} Bb7 {[%clk 0:46:14]} 16. Ne5 {[%clk 0:59:02]} e6 {[%clk
0:39:04]} 17. Nd3 {[%clk 0:58:59]} Rfe8 {[%clk 0:37:17]} 18. Bg5 {[%clk 0:57:52]}
Qc7 {[%clk 0:34:27]} 19. Bh4 {[%clk 0:53:59]} Nb6 {[%clk 0:28:14]} 20. Bg3 {[%clk
0:52:15]} Qc8 {[%clk 0:25:40]} 21. Nc5 {[%clk 0:48:33]} Nd7 {[%clk 0:22:25]} 22.
Ne4 {[%clk 0:48:20]} Bf8 {[%clk 0:22:35]} 23. Ba4 {[%clk 0:47:16]} Be7 {[%clk
0:19:14]} 24. c4 {[%clk 0:35:59]} Nb6 {[%clk 0:15:59]} 25. c5 {[%clk 0:34:54]}
Nd5 {[%clk 0:12:52]} 26. Nd6 {[%clk 0:34:18]} Bxd6 {[%clk 0:12:58]} 27. Bxd6
{[%clk 0:34:43]} Ba6 {[%clk 0:12:16]} 28. Bc2 {[%clk 0:33:48]} Bb5 {[%clk
0:12:00]} 29. Ra3 {[%clk 0:33:44]} a4 {[%clk 0:08:48]} 30. h4 {[%clk 0:32:55]}
Ne7 {[%clk 0:05:56]} 31. Rae3 {[%clk 0:28:34]} Bc4 {[%clk 0:02:42]} 32. h5 {[%clk
0:27:25]} Bb3 {[%clk 0:02:47]} 33. hxg6 {[%clk 0:27:10]} hxg6 {[%clk 0:02:31]}
34. Rh3 {[%clk 0:26:55]} 1-0

[Event "Irena Warakomska Memorial A"]
[Site "Suwalki"]
[Date "2021.08.03"]
[Round "9"]
[White "Juknis, Paulius"]
[Black "Budrewicz, Krzysztof"]
[Result "0-1"]
[Board "20"]
[WhiteElo "2172"]
[WhiteCountry "LTU"]
[WhiteFideId "12802247"]
[WhiteEloChange "-7"]
[BlackElo "2279"]
[BlackCountry "POL"]
[BlackFideId "1127950"]
[BlackEloChange "7"]

1. e4 {[%clk 1:30:56]} c5 {[%clk 1:30:22]} 2. Nc3 {[%clk 1:31:05]} g6 {[%clk
1:28:27]} 3. d4 {[%clk 1:30:37]} Bg7 {[%clk 1:28:51]} 4. dxc5 {[%clk 1:30:02]}
Bxc3+ {[%clk 1:29:07]} 5. bxc3 {[%clk 1:30:25]} Nc6 {[%clk 1:29:34]} 6. Be3
{[%clk 1:24:01]} Qa5 {[%clk 1:29:04]} 7. Qd2 {[%clk 1:23:41]} Nf6 {[%clk
1:29:25]} 8. f3 {[%clk 1:23:46]} O-O {[%clk 1:29:22]} 9. Bd3 {[%clk 1:21:13]} Rd8
{[%clk 1:28:55]} 10. Ne2 {[%clk 1:20:04]} d5 {[%clk 1:29:09]} 11. cxd6 {[%clk
1:19:46]} Rxd6 {[%clk 1:29:34]} 12. Nd4 {[%clk 1:08:17]} e5 {[%clk 1:28:31]} 13.
Nb3 {[%clk 1:07:53]} Qc7 {[%clk 1:27:57]} 14. O-O {[%clk 0:54:44]} Be6 {[%clk
1:22:24]} 15. Qe2 {[%clk 0:50:30]} Nd7 {[%clk 1:17:31]} 16. g3 {[%clk 0:45:18]}
Re8 {[%clk 1:12:13]} 17. c4 {[%clk 0:40:16]} b6 {[%clk 1:10:28]} 18. c5 {[%clk
0:37:57]} bxc5 {[%clk 1:09:04]} 19. Nxc5 {[%clk 0:38:15]} Nxc5 {[%clk 1:09:17]}
20. Bxc5 {[%clk 0:38:40]} Nd4 {[%clk 1:09:34]} 21. Bxd4 {[%clk 0:39:03]} Rxd4
{[%clk 1:09:43]} 22. Rfb1 {[%clk 0:33:26]} Rb8 {[%clk 1:06:00]} 23. Rxb8+ {[%clk
0:29:59]} Qxb8 {[%clk 1:05:24]} 24. c3 {[%clk 0:29:11]} Ra4 {[%clk 1:05:17]} 25.
c4 {[%clk 0:22:38]} Qb4 {[%clk 1:04:39]} 26. Kg2 {[%clk 0:16:23]} Qa5 {[%clk
1:00:23]} 27. g4 {[%clk 0:13:08]} Ra3 {[%clk 0:59:43]} 28. Kg3 {[%clk 0:12:38]}
Kg7 {[%clk 0:56:28]} 29. Kg2 {[%clk 0:12:40]} h6 {[%clk 0:56:19]} 30. Kg3 {[%clk
0:12:59]} h5 {[%clk 0:53:15]} 31. gxh5 {[%clk 0:10:42]} Qd8 {[%clk 0:53:21]} 32.
Rd1 {[%clk 0:10:38]} Qg5+ {[%clk 0:53:45]} 33. Kf2 {[%clk 0:11:01]} Qxh5 {[%clk
0:54:03]} 34. Kg1 {[%clk 0:10:40]} Qg5+ {[%clk 0:52:16]} 35. Kh1 {[%clk 0:10:59]}
Bh3 {[%clk 0:51:48]} 36. Qf2 {[%clk 0:09:28]} Qf6 {[%clk 0:50:23]} 37. Qg3 {[%clk
0:09:21]} Be6 {[%clk 0:50:30]} 38. Qg2 {[%clk 0:08:51]} Rc3 {[%clk 0:49:45]} 39.
Qg3 {[%clk 0:08:02]} a5 {[%clk 0:49:00]} 40. Kg2 {[%clk 0:36:26]} Ra3 {[%clk
1:16:53]} 41. Qf2 {[%clk 0:32:15]} Qg5+ {[%clk 1:15:04]} 42. Kh1 {[%clk 0:28:58]}
Qf4 {[%clk 1:12:04]} 43. Kg2 {[%clk 0:28:00]} g5 {[%clk 1:09:14]} 44. Rd2 {[%clk
0:25:23]} Rc3 {[%clk 1:07:23]} 45. Rd1 {[%clk 0:25:03]} Kf6 {[%clk 1:01:47]} 46.
Rd2 {[%clk 0:18:25]} a4 {[%clk 0:57:32]} 47. Rd1 {[%clk 0:18:34]} a3 {[%clk
0:57:54]} 48. Rd2 {[%clk 0:18:56]} Qh4 {[%clk 0:53:15]} 49. Qxh4 {[%clk 0:17:33]}
gxh4 {[%clk 0:53:32]} 50. Be2 {[%clk 0:14:56]} Kg5 {[%clk 0:53:15]} 51. Kf2
{[%clk 0:15:06]} Kf4 {[%clk 0:53:24]} 52. Rd3 {[%clk 0:15:29]} Rc2 {[%clk
0:53:38]} 0-1

[Event "Irena Warakomska Memorial A"]
[Site "Suwalki"]
[Date "2021.08.03"]
[Round "9"]
[White "Luberanski, Jakub"]
[Black "Krawczyk, Flawian"]
[Result "1-0"]
[Board "21"]
[WhiteElo "2274"]
[WhiteTitle "FM"]
[WhiteCountry "POL"]
[WhiteFideId "21830509"]
[WhiteEloChange "3"]
[BlackElo "1984"]
[BlackCountry "POL"]
[BlackFideId "21881413"]
[BlackEloChange "-3"]

1. Nf3 {[%clk 1:30:58]} Nf6 {[%clk 1:25:20]} 2. b3 {[%clk 1:31:21]} e6 {[%clk
1:24:14]} 3. Bb2 {[%clk 1:31:47]} Be7 {[%clk 1:24:25]} 4. g3 {[%clk 1:30:50]} b6
{[%clk 1:24:26]} 5. Bg2 {[%clk 1:31:14]} Bb7 {[%clk 1:24:51]} 6. O-O {[%clk
1:31:21]} O-O {[%clk 1:25:12]} 7. c4 {[%clk 1:30:55]} c5 {[%clk 1:24:47]} 8. Nc3
{[%clk 1:25:30]} d6 {[%clk 1:20:26]} 9. d4 {[%clk 1:22:12]} cxd4 {[%clk 1:19:56]}
10. Qxd4 {[%clk 1:21:13]} Nc6 {[%clk 1:17:26]} 11. Qd2 {[%clk 1:21:20]} a6 {[%clk
1:17:04]} 12. Rfd1 {[%clk 1:20:09]} Qc7 {[%clk 1:16:37]} 13. Rac1 {[%clk
1:19:58]} Ne5 {[%clk 1:03:05]} 14. Ng5 {[%clk 1:04:39]} Bxg2 {[%clk 1:01:23]} 15.
Kxg2 {[%clk 1:05:06]} Qb7+ {[%clk 0:46:05]} 16. f3 {[%clk 1:05:05]} Rfd8 {[%clk
0:43:59]} 17. Nge4 {[%clk 0:53:39]} Ne8 {[%clk 0:39:29]} 18. a4 {[%clk 0:42:20]}
f5 {[%clk 0:38:09]} 19. Nf2 {[%clk 0:41:40]} g5 {[%clk 0:35:52]} 20. Kg1 {[%clk
0:36:55]} Bf6 {[%clk 0:31:26]} 21. Qe3 {[%clk 0:34:33]} Qf7 {[%clk 0:27:35]} 22.
Ba3 {[%clk 0:29:15]} Rab8 {[%clk 0:25:44]} 23. Nd3 {[%clk 0:25:40]} Nc6 {[%clk
0:24:30]} 24. Nb4 {[%clk 0:24:39]} Nxb4 {[%clk 0:24:51]} 25. Bxb4 {[%clk
0:25:06]} h5 {[%clk 0:24:07]} 26. Qd3 {[%clk 0:23:27]} Rb7 {[%clk 0:19:10]} 27.
e4 {[%clk 0:20:01]} f4 {[%clk 0:18:22]} 28. Ne2 {[%clk 0:19:11]} Be5 {[%clk
0:17:11]} 29. Bc3 {[%clk 0:15:31]} Rbd7 {[%clk 0:15:37]} 30. gxf4 {[%clk
0:14:21]} Bxf4 {[%clk 0:14:58]} 31. Nxf4 {[%clk 0:14:33]} Qxf4 {[%clk 0:15:14]}
32. Qd2 {[%clk 0:08:58]} Qxf3 {[%clk 0:10:37]} 33. Qxg5+ {[%clk 0:09:21]} Ng7
{[%clk 0:10:54]} 34. Rxd6 {[%clk 0:06:13]} Kh7 {[%clk 0:10:16]} 35. Rcd1 {[%clk
0:04:00]} Qxc3 {[%clk 0:09:43]} 36. Rxd7 {[%clk 0:04:25]} Rxd7 {[%clk 0:09:51]}
37. Rxd7 {[%clk 0:04:51]} Qe1+ {[%clk 0:10:14]} 38. Kg2 {[%clk 0:05:17]} Qxe4+
{[%clk 0:10:07]} 39. Kg3 {[%clk 0:04:23]} Qe1+ {[%clk 0:10:28]} 40. Kg2 {[%clk
0:34:30]} Qe2+ {[%clk 0:40:34]} 41. Kg3 {[%clk 0:26:43]} Qe1+ {[%clk 0:40:48]}
42. Kf3 {[%clk 0:20:01]} Qf1+ {[%clk 0:40:57]} 43. Ke4 {[%clk 0:14:55]} Qe2+
{[%clk 0:41:13]} 44. Qe3 {[%clk 0:14:21]} Qxh2 {[%clk 0:41:28]} 45. Kd3 {[%clk
0:12:33]} h4 {[%clk 0:39:58]} 46. Kc3 {[%clk 0:11:33]} Qg3 {[%clk 0:36:50]} 47.
Qxg3 {[%clk 0:08:46]} hxg3 {[%clk 0:36:10]} 48. b4 {[%clk 0:07:42]} Kg6 {[%clk
0:36:17]} 49. Rd1 {[%clk 0:07:24]} Kg5 {[%clk 0:36:36]} 50. c5 {[%clk 0:06:52]}
Nf5 {[%clk 0:34:02]} 51. cxb6 {[%clk 0:06:13]} Ne7 {[%clk 0:34:26]} 52. b7 {[%clk
0:06:32]} Nc6 {[%clk 0:34:31]} 53. b5 {[%clk 0:06:31]} axb5 {[%clk 0:34:57]} 54.
axb5 {[%clk 0:06:59]} Nb8 {[%clk 0:35:17]} 55. Rd8 {[%clk 0:06:57]} 1-0